Tilastot visalle Mikä sana on keskellä? #25

Klikkaa tästä pelataksesi tätä visaa!

Yleistilastot

  • Tätä visaa on pelattu 53 kertaa
  • Keskiarvotulos 9 / 14

Vastaustilastot

Sana edessä?Sana?Sana takana% Oikein
nyhtökaurahiutale
95%
nuoskalumihiutale
90%
ripsivärisilmä
88%
tupakkalakipykälä
83%
ikkunalasikuitu
81%
hirmuliskodisko
81%
tuomiopäiväkirja
74%
peltikattokruunu
71%
hammassärkylääke
64%
kipukynnysmatto
55%
mustapääkaupunki
48%
sukunimipäivä
33%
kivikausilippu
14%
kerhohuone
5%

Tulosjakauma

Persentiili vastausten määrän mukaan

Jokaisen tuloksen saaneiden osuus

Tuloshistoriasi

Et ole pelannut tätä visaa